Statistics for Two-Minute Scramble Sprint

Click here to take the quiz!

General Stats

  • This quiz has been taken 402 times
  • The average score is 28 of 60

Answer Stats

ScrambleAnswer% Correct
TYICCity
94%
LDGOGold
91%
ILDLDill
86%
EKFAFake
82%
BEVRVerb
77%
UAQAAqua
75%
AEVCCave
75%
XEYSSexy
75%
GFROFrog
74%
LKABBalk
71%
ROHNHorn
70%
OMHTMoth
70%
ONONNoon
70%
WEOVWove
69%
MPCACamp
68%
PYITPity
68%
DINBBind
66%
MUBNNumb
66%
OJDUJudo
65%
FDTEDeft
62%
MIBLLimb
61%
NMTIMint
61%
BMOTTomb
61%
WGORGrow
56%
FTHEHeft
56%
AARUAura
53%
DRINRind
53%
WKENKnew
48%
UQDAQuad
46%
RYAVVary
44%
NPTAPant
42%
CYKUYuck
42%
FUTOTofu
41%
CHRIRich
40%
ZEAMMaze
38%
IXTEExit
37%
SJWAJaws
35%
WISMSwim
35%
OCSKSock
34%
KALRLark
33%
PUMRRump
33%
FAWIWaif
32%
ZCNIZinc
32%
EUTDDuet
31%
ROZEZero
31%
TTCATact
26%
TNIUUnit
26%
XYONOnyx
25%
EWPTWept
25%
THGUThug
23%
RYUOYour
21%
BVYEBevy
19%
VYNEEnvy
19%
KEPRPerk
19%
LAROOral
18%
NFUAFaun
15%
XIEBIbex
15%
AIOTIota
15%
GMIAMagi
10%
YTURYurt
9%

Score Distribution

Percentile by Number Answered

Percent of People with Each Score

Your Score History

You have not taken this quiz